| 000 | 00898cam a2200241 a 4500 | ||
|---|---|---|---|
| 999 |
_c329881 _d329881 |
||
| 001 | 15936321 | ||
| 003 | NUST | ||
| 005 | 20170526160311.0 | ||
| 008 | 091008s2010 enkae b 001 0 eng | ||
| 010 | _a 2009038731 | ||
| 020 | _a9781405158749 (pbk. : alk. paper) | ||
| 040 |
_aDLC _cDLC _dDLC |
||
| 050 | 0 | 0 |
_aTH146 _b.B82 2010 |
| 082 | 0 | 0 |
_a690.837BRY _222 |
| 100 | 1 |
_aBryan, Tony, _d1947- _91468 |
|
| 245 | 1 | 0 |
_aConstruction technology : _banalysis and choice / _cTony Bryan. |
| 250 | _a2nd ed. | ||
| 260 |
_aChichester, West Sussex, U.K. ; _aAmes, Iowa : _bBlackwell, _cc2010. |
||
| 300 |
_ax, 453 p. : _bill. plans ; _c25 cm. |
||
| 500 | _aIncludes indexes. | ||
| 650 | 0 |
_aBuilding. _9818 |
|
| 906 |
_a7 _bcbc _corignew _d1 _eecip _f20 _gy-gencatlg |
||
| 942 |
_2ddc _cBK |
||